| 000 | 00000nam##2200000za#4500 |
| 001 | 9.698190 |
| 003 | CaOODSP |
| 005 | 20210624235822 |
| 007 | cr ||||||||||| |
| 008 | 150407|1998||||xxc|||||o f|0| 0 eng|d |
| 040 | |aCaOODSP|beng |
| 043 | |an-cn--- |
| 086 | 1 |aRH64-114/1998E-PDF |
| 110 | 1 |aCanada.|bHuman Resources Development Canada. |bStrategic Policy. |
| 245 | 10|aEvaluation of the Labour-Management Partnerships Program (LMPP) : |h[electronic resource]|bfinal report / |c[by] Evaluation and Data Development. |
| 260 | |aOttawa - Ontario : |bHuman Resources Development Canada. |cMarch 1998. |
| 300 | |a88p.|btables |
| 504 | |aBibliography. |
| 590 | |a13-18-Supp|b2013-08-01 |
| 775 | 08|tÉvaluation du Programme de partenariat syndical-patronal (PPSP) : |w(CaOODSP)9.642185 |
| 856 | 40|ahttp://publications.gc.ca|qPDF|s192 KB|uhttps://publications.gc.ca/collections/collection_2013/rhdcc-hrsdc/RH64-114-1998-eng.pdf |
| 986 | |aSP-AH058E-03-98 |